000
00274nam a2200121Ia 4500
008
190216s9999||||xx |||||||||||||| ||und||
100
_a
John Connell
245
0
_a
Return To Treasure Island
260
_b
Longmans
_c
1963
300
_a
94p
650
_a
Speeches
942
_c
BK
999
_c
11778
_d
11778